| 000 -LEADER |
| fixed length control field |
01740cas a2200505 4500 |
| 001 - CONTROL NUMBER |
| control field |
400802 |
| 003 - CONTROL NUMBER IDENTIFIER |
| control field |
OSt |
| 005 - DATE AND TIME OF LATEST TRANSACTION |
| control field |
20170105101213.0 |
| 008 - FIXED-LENGTH DATA ELEMENTS--GENERAL INFORMATION |
| fixed length control field |
850827c19749999cauqr1p 0 0eng |
| 010 ## - LIBRARY OF CONGRESS CONTROL NUMBER |
| LC control number |
74645463 |
| 022 ## - INTERNATIONAL STANDARD SERIAL NUMBER |
| International Standard Serial Number |
0095-2583 |
| 030 ## - CODEN DESIGNATION |
| CODEN |
ECIND6 |
| 035 ## - SYSTEM CONTROL NUMBER |
| System control number |
(OCoLC)1794536 |
| 035 ## - SYSTEM CONTROL NUMBER |
| System control number |
(OCoLC)ocm01794536 |
| 035 ## - SYSTEM CONTROL NUMBER |
| System control number |
(CStRLIN)NYCG85-S3015 |
| 035 ## - SYSTEM CONTROL NUMBER |
| System control number |
(NNC)400802 |
| 037 ## - SOURCE OF ACQUISITION |
| Source of stock number/acquisition |
Western Economic Association International, California State University, Long Beach, CA 90840 |
| 040 ## - CATALOGING SOURCE |
| Modifying agency |
OCoLC |
| -- |
NSD |
| -- |
m.c. |
| -- |
NSD |
| -- |
RCS |
| -- |
AIP |
| -- |
NSD |
| -- |
AIP |
| -- |
NNC |
| Transcribing agency |
NSD |
| 042 ## - AUTHENTICATION CODE |
| Authentication code |
lc |
| -- |
nsdp |
| 050 0# - LIBRARY OF CONGRESS CALL NUMBER |
| Classification number |
HB1 |
| Item number |
.W47 |
| 082 ## - DEWEY DECIMAL CLASSIFICATION NUMBER |
| Classification number |
330/.05 |
| 090 ## - LOCALLY ASSIGNED LC-TYPE CALL NUMBER (OCLC); LOCAL CALL NUMBER (RLIN) |
| Classification number (OCLC) (R) ; Classification number, CALL (RLIN) (NR) |
HB1 |
| Local cutter number (OCLC) ; Book number/undivided call number, CALL (RLIN) |
.W47 |
| 210 0# - ABBREVIATED TITLE |
| Abbreviated title |
Econ. inq. |
| 222 #0 - KEY TITLE |
| Key title |
Economic inquiry |
| 245 00 - TITLE STATEMENT |
| Title |
Economic inquiry. |
| 260 ## - PUBLICATION, DISTRIBUTION, ETC. |
| Place of publication, distribution, etc. |
Long Beach, Calif., |
| Name of publisher, distributor, etc. |
Western Economic Association. |
| 300 ## - PHYSICAL DESCRIPTION |
| Dimensions |
26 cm. |
| 310 ## - CURRENT PUBLICATION FREQUENCY |
| Current publication frequency |
Quarterly |
| 362 0# - DATES OF PUBLICATION AND/OR SEQUENTIAL DESIGNATION |
| Dates of publication and/or sequential designation |
v. 12- Mar. 1974- |
| 500 ## - GENERAL NOTE |
| General note |
"Journal of the Western Economic Association." |
| 510 2# - CITATION/REFERENCES NOTE |
| Name of source |
America, history and life |
| International Standard Serial Number |
0002-7065 |
| Coverage of source |
1978- |
| 510 2# - CITATION/REFERENCES NOTE |
| Name of source |
Historical abstracts. Part A. Modern history abstracts |
| International Standard Serial Number |
0363-2717 |
| Coverage of source |
1978- |
| 510 2# - CITATION/REFERENCES NOTE |
| Name of source |
Historical abstracts. Part B. Twentieth century abstracts |
| International Standard Serial Number |
0363-2725 |
| Coverage of source |
1978- |
| 510 1# - CITATION/REFERENCES NOTE |
| Name of source |
Management contents |
| Coverage of source |
1974- |
| 510 2# - CITATION/REFERENCES NOTE |
| Name of source |
Hospital literature index |
| International Standard Serial Number |
0018-5736 |
| 510 2# - CITATION/REFERENCES NOTE |
| Name of source |
Index of economic articles in journals and collective volumes |
| International Standard Serial Number |
0536-647X |
| 510 2# - CITATION/REFERENCES NOTE |
| Name of source |
ABI/INFORM |
| Coverage of source |
Jan. 1980- |
| 510 2# - CITATION/REFERENCES NOTE |
| Name of source |
Public Affairs Information Service bulletin |
| International Standard Serial Number |
0033-3409 |
| 510 1# - CITATION/REFERENCES NOTE |
| Name of source |
Social sciences index |
| International Standard Serial Number |
0094-4920 |
| 650 #0 - SUBJECT ADDED ENTRY--TOPICAL TERM |
| Topical term or geographic name entry element |
Economics |
| Form subdivision |
Periodicals. |
| 710 2# - ADDED ENTRY--CORPORATE NAME |
| Corporate name or jurisdiction name as entry element |
Western Economic Association. |
| 780 00 - PRECEDING ENTRY |
| Title |
Western economic journal |
| International Standard Serial Number |
0043-3640 |
| 942 ## - ADDED ENTRY ELEMENTS (KOHA) |
| Source of classification or shelving scheme |
|
| Koha item type |
Book |